000 00396nam a2200145Ia 4500
008 231129s2017||||xx |||||||||||||| ||spa||
020 _a978-958-8416-63-2
040 _bspa
082 _a(i) Co863 G886g
100 _aGrueso Romero Mary
245 0 _aEl gran susto de Petronila
260 _c2017
264 _aBogotá Colombia : Apidama
942 _2ddc
_cBKS
999 _c11193
_d11193